Metodické doporučení k sérologickému vyšetřování syfilidy

Bibliographic Details
Main Author: Resl, Vladimír (Author)
Format: Article
Language:Slovak
Czech
PhysicalDescription:Obr., tab.
ISSN:0009-0514
Subjects:

MARC

LEADER 00000nab a2200000 a 4500
001 vtls000788511
003 SK-MaSNL
005 20260304112607.0
008 250429c2001 xo 0 slo
015 |a SNBRB2002/04-11608 
035 |a CLN000140166 
035 |a urn:nbn:sk:snk-abagnj 
035 |a (urnnbn)urn:nbn:sk:snk:ar-007oyr 
035 |a (uuid)7bd0777c-5d79-4fb7-b546-a054983eedaa 
040 |a SNKBUCL  |b slo  |c SNKBUCL  |e AACR2 
041 0 |a cze 
044 |a xo  |c SK 
080 |a 616.972-074  |2 1997 
100 1 |a Resl, Vladimír  |4 aut  |9 853346 
245 1 0 |a Metodické doporučení k sérologickému vyšetřování syfilidy  |c V. Resl 
300 |b Obr., tab. 
504 |a Bibliogr. odkazy 
650 0 7 |a syfilis  |x diagnostika sérologická  |2 snkbucl  |9 1414637 
655 7 |a články z novín a časopisov  |2 snkbucl  |9 267496 
773 0 |t Česko-slovenská dermatologie  |g Roč. 76, č. 4 (2001), s. 210-214  |x 0009-0514 
850 |a Slovenská národná knižnica 
852 |a Slovenská národná knižnica 
954 |a odborná, vedecká literatúra cudzojazyčná (svetová)  |2 lita 
958 |a article14 
958 |a OND 
958 |a MI 
958 |a NB 
958 |a EUIPO 
999 |c 2866449  |d 2868379